000 00579nam a2200133Ia 4500
008 171212s9999 xx 000 0 und d
020 _a9781921536885
100 _aLim, Wee Ho;Roderick, Michael L.
245 _cLim, Wee Ho;Roderick, Michael L.
_aAn Atlas of the Global Water Cycle
_bBased on the IPCC AR4 Climate Models
260 _bANU E Press
_c2009
650 _aAquatic Sciences
650 _aRain and rainfall -- Mathematical models; Rain and rainfall -- Maps; Water-supply -- Mathematical models; Water-supply -- Maps
856 _uwww.jstor.org/stable/10.2307/j.ctt24hc08
999 _c350987
_d350987